| 000 | 00529nam a22001817a 4500 | ||
|---|---|---|---|
| 999 |
_c183582 _d183582 |
||
| 005 | 20211229111752.0 | ||
| 010 | _aENG-130734 | ||
| 020 |
_a978-81-316-1152-4 _c1295.00 |
||
| 035 | _aEN-114266 | ||
| 037 | _bDBAD | ||
| 082 | _a305.56880954 | ||
| 100 | _aLal, Shyam | ||
| 245 |
_aCrisis of Dalit Leadership: _cShyam lal |
||
| 260 |
_aNew Delhi _bRawat Publications _c2021 |
||
| 270 |
_a4858/24, Ansari Road, Daryaganj _bNew Delhi _e110002 |
||
| 300 |
_a226p _c24cm(hbk) |
||
| 942 |
_2ddc _cEN _h305.56880954 _mLAL |
||